Quizzes
Events
Quiz Creation
Community
Videos
Private Events
Remove Ads
Sign In
Join for FREE
Feedback
Dark Mode
Quiz Categories
Sports
Geography
Music
Movies
Television
Just For Fun
Miscellaneous
History
Literature
Language
Science
Gaming
Entertainment
Religion
Holiday
For Kids
Quiz Lab
Recent
Popular Today
Quiz Kudos Today
Editor Picks
Curator Picks
Quizzes by...
Day
Popularity
Type
Ratings
Length
Year
Community
Subscriptions
Recent Discussions
Orange Saloon
Badges
Playlists
Quests
Create
Leaderboards
Showdown
Live 5
Trivia Bingo
Activity
Puzzle Library
Sporcle Events
Private Events
Virtual Trivia
Globe League
Become a Host
Pub Owners
SporcleCon
Opinionation
Our Games
Videos
Blog
Mobile Apps
Partnerships
Remove Ads and Go Orange
Feedback
Sports
Athletes
MLB
NBA
NHL
NFL
Soccer
Sports Teams
WWE
NCAA
Football
Premier League
Basketball
Baseball
Hockey
Golf
Tennis
Cricket
Rugby
Auto Racing
Olympics
World Cup
Sports
Athletes
MLB
NBA
NHL
NFL
Soccer
Sports Teams
WWE
NCAA
Football
Premier League
Basketball
Baseball
Hockey
Golf
Tennis
Cricket
Rugby
Auto Racing
Olympics
World Cup
Random Quiz
Search Sporcle
×
Quiz Lab
Quiz Lab
Sports
Golf
Select answers by clicking on text or image buttons
Select answers by clicking on text or image buttons
Clickable
Best Score? Go Orange.
Clickable Golf Major Champs With Course Hint Stats
Click on the winner of each championship?
By
KenHi
20m
216 Questions
930 Plays
930 Plays
930 Plays
Comments
Comments
Give Quiz Kudos
Give Quiz Kudos
-
- Ratings
hide this ad
Forced Order
Answers have to be entered in order
Answers have to be entered in order
Replay
Link that replays current quiz
Next Quiz
Link to next quiz in quiz playlist
You Got
0%
They Got
Avg Score
38%
Avg Friend Score
Upgrade to see
Score Distribution
Jump to the score distribution portion of the page
Score
0/216
Timer
20:00
0
Plays Today
% Correct
Nicklaus
48.2%
Nicklaus
47.6%
Nicklaus
47.6%
Mickelson
47.2%
Kaymer
46.7%
McIlroy
46.3%
Woods
46.1%
Clarke
45.8%
Mickelson
45.7%
McDowell
45.7%
Daly
45.7%
Dufner
45.5%
Ogilvy
45.4%
Nicklaus
45.3%
Woods
45.3%
Kite
44.9%
Faldo
44.9%
Faldo
44.8%
Daly
44.8%
Strange
44.6%
Bradley
44.6%
Woods
44.4%
McIlroy
44.4%
Woods
44.3%
Brooks
44.3%
Campbell
44.1%
Cink
44%
Furyk
43.9%
Woods
43.8%
Beem
43.8%
Goosen
43.7%
Couples
43.5%
Els
43.3%
Love
43.3%
Elkington
43.3%
Glover
43.1%
Goosen
43.1%
Scott
43%
Mickelson
43%
Palmer
43%
Johnson
42.8%
Oosthuizen
42.8%
Watson
42.8%
Stewart
42.8%
Grady
42.7%
Stewart
42.5%
Jones
42.5%
Nicklaus
42.5%
Palmer
42.5%
Yang
42.5%
Woods
42.4%
Pavin
42.4%
Irwin
42.4%
O'Meara
42.3%
Schwartzel
42.2%
Miller
42.2%
Rose
42%
Cabrera
42%
Jacklin
42%
Els
42%
Woods
42%
Crenshaw
41.9%
Nicklaus
41.9%
Simpson
41.9%
Calcavecchia
41.9%
Palmer
41.9%
Azinger
41.8%
Watson
41.7%
Cabrera
41.5%
Woods
41.5%
Woods
41.5%
Janzen
41.5%
% Correct
Duval
41.5%
Harrington
41.5%
Sutton
41.5%
Zoeller
41.4%
Floyd
41.3%
Janzen
41.3%
Woods
41.2%
Simpson
41.2%
Strange
41%
Lawrie
41%
Sluman
41%
Mickelson
40.9%
Nicklaus
40.8%
Pate
40.8%
Lehman
40.8%
Ballesteros
40.6%
Toms
40.6%
Immelman
40.5%
Els
40.5%
Venturi
40.5%
Harrington
40.4%
Leonard
40.3%
Singh
40.2%
Singh
40.1%
Irwin
40%
Els
40%
Baker-Finch
40%
Micheel
40%
Nicklaus
39.9%
Singh
39.9%
Stewart
39.8%
Norman
39.8%
Nicklaus
39.7%
Price
39.7%
Langer
39.6%
Price
39.5%
Nicklaus
39.5%
Palmer
39.4%
Harrington
39.2%
Lyle
39.1%
Mize
39.1%
Nicklaus
39.1%
Irwin
39.1%
Palmer
39%
Ballesteros
38.9%
Palmer
38.8%
Curtis
38.8%
Faldo
38.8%
Crenshaw
38.6%
Lyle
38.6%
Tway
38.6%
Stadler
38.5%
Archer
38.5%
Olazabal
38.2%
Woods
38.2%
Wadkins
38.2%
Weir
38.1%
Miller
38.1%
Faldo
38%
Nicklaus
38%
North
37.8%
Woods
37.8%
O'Meara
37.8%
DeVicenzo
37.8%
Floyd
37.7%
Hamilton
37.7%
Mahaffey
37.7%
Woosnam
37.4%
Stockton
37.2%
Price
37.1%
Nelson
37.1%
Olazabal
37%
% Correct
Nicklaus
37%
Goalby
36.9%
Nagle
36.9%
Woods
36.8%
Casper
36.7%
Norman
36.6%
Rogers
36.6%
Marr
36.6%
Floyd
36.5%
Brewer
36.2%
Nicklaus
36.2%
Player
36.1%
Watson
36.1%
Watson
36%
Player
36%
Player
36%
Mickelson
36%
North
35.7%
Ballesteros
35.5%
Player
35.5%
Jacklin
35.5%
Lema
35.5%
Charles
35.5%
Nelson
35.4%
Watson
35.3%
Nicklaus
35.3%
Green
35.3%
Boros
35.3%
Green
35.3%
Aaron
35.1%
Woods
34.9%
Nichols
34.9%
Moody
34.7%
Stockton
34.7%
Boros
34.6%
Nicklaus
34.5%
Coody
34.4%
Casper
34.3%
Zoeller
34.3%
Littler
34.3%
Graham
34.2%
Trevino
34.1%
Nelson
33.7%
Watson
33.5%
Weiskopf
33.4%
Barber
33.4%
Faldo
33.2%
Langer
33.1%
January
33%
Nicklaus
32.9%
Trevino
32.8%
Trevino
32.7%
Trevino
32.7%
Thomson
32.6%
Hebert
32.4%
Geiberger
32.3%
Graham
32.2%
Nicklaus
32%
Ballesteros
31.9%
Floyd
31.8%
Watson
31.7%
Trevino
31.6%
Watson
31.4%
Trevino
31.4%
Watson
30.1%
Player
29.8%
Player
29.7%
Player
29%
Faldo
28.9%
Graham
28.8%
Player
28.1%
Ballesteros
25.3%
Quiz Playlist
Details
Report
Send in Message
Add To Playlist
Clickable:
Select answers by clicking on text or image buttons
Forced Order:
Answers have to be entered in order
Last Updated: Feb 16, 2017
Quiz Scoreboard
CHALLENGE
Sign Up to Join the Scoreboard
Show All
Scores
Hide
Comments
May contain spoilers
Recently Published
One Thing in Common: World Cities II
by knightlancer
Geography
7m
Popular People in 1961
by mucciniale
History
6m
1-10 Letter E Words III
by El_Dandy
Language
2m
More to Explore
Quiz From the Vault
Featured Blog Post
Where Did the Easter Bunny Come From?
hide this ad
You Might Also Like...
Tags
Clickable Quiz
Golf Quiz
champ
course
major
Winner
Today's Top Quizzes in Sports
Browse Sports
hide this ad
Today's Top Quizzes in Golf
Browse Golf
Top Contributed Quizzes in Sports
1
Les meilleurs buteurs des matchs entre le PSG et l’OM
2
Les entraîneurs de l'OM et du PSG au 21e siècle
3
2022 World Cup Stars
4
FIFA Club World Cup Champions
5
Name the Premier League winners with different clubs
6
La finale Lions - Afrique du Sud 2021
7
Criteria MLB: Left Handed Sluggers
8
Players with Multiple 50 Home Run Seasons
9
MLB Players with Two .350 Batting Average Seasons
10
MLB Hall of Famer by Rings
Explore More
Trending Topics
Kpop
Crossword
Anime
Harry Potter
Marvel
Disney
NBA
The Office
Puzzle
Country
Pokémon
Song
WWE
Soccer
NFL
hide this ad
More By:
KenHi
Quiz
Plays
Rating
Category
Featured
Created
Capitals Which Are Not Largest Cities in State
3,083
4.77
Geography
Oct 14, 2012
Name All The State Borders
2,172
4.80
Geography
Jun 8, 2012
54 Countries of Africa - Least Typing
1,935
4.45
Geography
Oct 6, 2012
54 Countries of Africa - Less Typing
1,111
3.75
Geography
Oct 5, 2012
196 Countries by Last 2 Letters
1,053
3.68
Geography
Oct 12, 2012
Go to Creator's Profile
Score Distribution
Quiz Creator Spotlight
KenHi
Follow
Send a Message
Quizzes Created
-
Created Quiz Play Count
-
More By This Creator
Popular Quizzes Today
1
Find the US States - No Outlines Minefield
2
The Countries of the World
3
Popular People in 1961
4
Find the Countries of Europe - No Outlines Minefield
5
1-10 Letter E Words III
6
Find the US States
7
One Thing in Common: World Cities II
8
US States
More Sports Quizzes
Major Bowl Teams of the 2010s
Published
Trending Quizzes
1-10 Letter F Words
1-10 Letter G Words
Risky Map Clicking: Next State Alphabetically
1-10 Letter F Words II
Risky Map Clicking: States by Unique Starting Letters
Recently Updated
Leaping Animals
pecheneg
Reality TV Shows (A-Z)
bhenderson79
Rickey Henderson's Hall of Fame Teammates
pecheneg
Champions League XIs: Arsenal
pecheneg
Quick Pick: Celebrities in WWE's Hall of Fame
aduchscher
A-Z Keypad Blitz II
pecheneg
Multiple Oscar Actors
pecheneg
Mystery Phrase Blitz: Oscar 'Best Actors'
pecheneg
F. Scott Fitzgerald Novels
LTH
Pick 3 Villains
ddd62291
Trending Topics
Anime
NBA
Disney
Crossword
Kpop
Marvel
Harry Potter
WWE
Puzzle
Soccer
The Office
Song
NFL
Country
Pokémon
Your Account Isn't Verified!
In order to create a playlist on Sporcle, you need to verify the email address you used during registration. Go to your
Sporcle Settings
to finish the process.
Report this User
Report this user for behavior that violates our
Community Guidelines
.
Details:
Send Report
Go to the Sporcle.com Mobile Site →
Comments